[Event "SWE-chT 1415 Superettan"]
[Site "Sweden"]
[Date "2015.03.21"]
[Round "8"]
[White "Heden, Gustav"]
[Black "Sparv, Joakim"]
[Result "1-0"]
[WhiteElo "2060"]
[BlackElo "1983"]
[PlyCount "63"]
[EventDate "2014.11.21"]
[EventType "team-tourn"]
[EventRounds "9"]
[EventCountry "SWE"]
[SourceTitle "EXT 2018"]
[Source "ChessBase"]
[SourceDate "2017.10.13"]
[SourceVersion "1"]
[SourceVersionDate "2017.10.13"]
[SourceQuality "1"]
[WhiteTeam "Stockholm Rockaden II"]
[BlackTeam "Orebro"]
[WhiteTeamCountry "SWE"]
[BlackTeamCountry "SWE"]

1. c4 e5 2. Nc3 Nf6 3. g3 d5 4. cxd5 Nxd5 5. Bg2 Nb6 6. Nf3 Nc6 7. 0-0 g5 8. d4 exd4 9. Nb5 Bg7 10. Bxg5 Qd7 11. Rc1 a6 12. Nxc7+ Qxc7 13. Nxd4 0-0 14. Nxc6 bxc6 15. Rxc6 Qa7 16. Be3 Rb8 17. Qd6 Bb7 18. Rc7 Qa8 19. Bxb7 Rxb7 20. Rxb7 Qxb7 21. Qxb6 Qxb6 22. Bxb6 Rb8 23. Be3 Rxb2 24. Rc1 f6 25. a3 Rb3 26. a4 Ra3 27. Rc4 Kf7 28. Bb6 f5 29. a5 Bc3 30. Rc7+ Kg6 31. Ra7 Ra2 32. Rxa6 1-0

[Event "SWE-chT 1415 Superettan"]
[Site "Sweden"]
[Date "2014.11.23"]
[Round "3"]
[White "Heden, Gustav"]
[Black "Ollen, Martin"]
[Result "0-1"]
[WhiteElo "2060"]
[BlackElo "1927"]
[PlyCount "104"]
[EventDate "2014.11.21"]
[EventType "team-tourn"]
[EventRounds "9"]
[EventCountry "SWE"]
[SourceTitle "EXT 2018"]
[Source "ChessBase"]
[SourceDate "2017.10.13"]
[SourceVersion "1"]
[SourceVersionDate "2017.10.13"]
[SourceQuality "1"]
[WhiteTeam "Stockholm Rockaden II"]
[BlackTeam "Limhamn II"]
[WhiteTeamCountry "SWE"]
[BlackTeamCountry "SWE"]

1. c4 Nf6 2. Nc3 g6 3. g3 Bg7 4. Bg2 0-0 5. e3 Nc6 6. d4 d6 7. Nge2 e5 8. 0-0 Bg4 9. Rb1 Qc8 10. Re1 a5 11. a3 Re8 12. d5 Ne7 13. e4 Bh3 14. b4 Bxg2 15. Kxg2 axb4 16. axb4 Nh5 17. c5 f5 18. Bg5 f4 19. f3 h6 20. Bxe7 Rxe7 21. Nb5 Qd7 22. Qd3 fxg3 23. hxg3 Rf7 24. Ra1 Raf8 25. Rf1 g5 26. Ra7 g4 27. Ng1 gxf3+ 28. Rxf3 Rxf3 29. Nxf3 Qg4 30. Nh2 Nf4+ 31. Kh1 Qh3 32. Qd2 Nh5 33. Qg2 Rf1+ 34. Qxf1 Nxg3+ 35. Kg1 Nxf1 36. Nxf1 Qg4+ 37. Kf2 Bf6 38. Ra3 dxc5 39. bxc5 Bh4+ 40. Ng3 Qxe4 41. d6 cxd6 42. Nxd6 Qb4 43. Ra8+ Kh7 44. Ndf5 Bxg3+ 45. Nxg3 Qxc5+ 46. Kf3 Qc3+ 47. Kf2 Qd4+ 48. Kg2 b5 49. Rf8 Qd5+ 50. Kh3 e4 51. Kg4 e3 52. Nf5 e2 0-1

[Event "SWE-ch U20"]
[Site "Gothenburg"]
[Date "2006.07.10"]
[Round "9"]
[White "Heden, Gustav"]
[Black "Smith, Axel"]
[Result "1/2-1/2"]
[WhiteElo "2174"]
[BlackElo "2308"]
[PlyCount "44"]
[EventDate "2006.07.01"]
[EventType "tourn"]
[EventRounds "13"]
[EventCountry "SWE"]
[SourceTitle "EXT 2008"]
[Source "ChessBase"]
[SourceDate "2007.11.25"]
[SourceVersion "1"]
[SourceVersionDate "2007.11.25"]
[SourceQuality "1"]

1. c4 c6 2. Nc3 d5 3. cxd5 cxd5 4. d4 Nc6 5. Nf3 Nf6 6. g3 Bf5 7. Bg2 e6 8. 0-0 h6 9. Qa4 Bd6 10. Ne5 Bxe5 11. dxe5 Nd7 12. e4 Nc5 13. Qb5 Nxe4 14. Bxe4 dxe4 15. Qxb7 Qc8 16. Qxc8+ Rxc8 17. Nb5 0-0 18. Be3 a6 19. Nd6 Rb8 20. Bc5 Rfd8 21. Nc4 Nd4 22. Rfd1 Nf3+ 1/2-1/2

[Event "SWE-ch U20"]
[Site "Gothenburg"]
[Date "2006.07.09"]
[Round "8"]
[White "Janse, Rasmus"]
[Black "Heden, Gustav"]
[Result "1-0"]
[WhiteElo "1988"]
[BlackElo "2174"]
[PlyCount "59"]
[EventDate "2006.07.01"]
[EventType "tourn"]
[EventRounds "13"]
[EventCountry "SWE"]
[SourceTitle "EXT 2008"]
[Source "ChessBase"]
[SourceDate "2007.11.25"]
[SourceVersion "1"]
[SourceVersionDate "2007.11.25"]
[SourceQuality "1"]

1. d4 Nf6 2. c4 g6 3. Nc3 Bg7 4. e4 d6 5. f4 0-0 6. Nf3 Nbd7 7. Be2 e5 8. fxe5 dxe5 9. d5 Nh5 10. 0-0 Nf4 11. Be3 Nf6 12. c5 Ng4 13. Bd2 f5 14. Bc4 Kh8 15. h3 fxe4 16. Nxe4 Nf6 17. Nxf6 Qxf6 18. Bc3 Qf5 19. Qd2 Qe4 20. Bb3 Nxh3+ 21. Kh1 Nf4 22. Rae1 Qd3 23. Nxe5 Qg3 24. Nf7+ Kg8 25. Qxf4 Qxf4 26. Rxf4 Bxc3 27. bxc3 Kg7 28. d6 cxd6 29. cxd6 Bf5 30. g4 1-0

[Event "SWE-ch U20"]
[Site "Gothenburg"]
[Date "2006.07.05"]
[Round "5"]
[White "Grandelius, Nils"]
[Black "Heden, Gustav"]
[Result "1-0"]
[WhiteElo "2090"]
[BlackElo "2174"]
[PlyCount "51"]
[EventDate "2006.07.01"]
[EventType "tourn"]
[EventRounds "13"]
[EventCountry "SWE"]
[SourceTitle "EXT 2008"]
[Source "ChessBase"]
[SourceDate "2007.11.25"]
[SourceVersion "1"]
[SourceVersionDate "2007.11.25"]
[SourceQuality "1"]

1. e4 c5 2. Nf3 Nc6 3. d4 cxd4 4. Nxd4 g6 5. Nc3 Bg7 6. Be3 Nf6 7. Bc4 0-0 8. Bb3 d6 9. f3 Qa5 10. Qd2 Bd7 11. 0-0-0 Rfc8 12. g4 Ne5 13. h4 Nc4 14. Bxc4 Rxc4 15. Nb3 Qa6 16. h5 Rac8 17. hxg6 Rxc3 18. gxf7+ Kf8 19. bxc3 Nxe4 20. fxe4 Bxc3 21. Bh6+ Kxf7 22. Rdf1+ Kg8 23. Qg5+ Kh8 24. Rf7 Rg8 25. Qxg8+ Kxg8 26. Rf8# 1-0

[Event "SWE-ch U20"]
[Site "Gothenburg"]
[Date "2006.07.03"]
[Round "3"]
[White "Zadruzny, Nicolaj"]
[Black "Heden, Gustav"]
[Result "1-0"]
[WhiteElo "2381"]
[BlackElo "2174"]
[PlyCount "59"]
[EventDate "2006.07.01"]
[EventType "tourn"]
[EventRounds "13"]
[EventCountry "SWE"]
[SourceTitle "EXT 2008"]
[Source "ChessBase"]
[SourceDate "2007.11.25"]
[SourceVersion "1"]
[SourceVersionDate "2007.11.25"]
[SourceQuality "1"]

1. e4 c5 2. Nf3 Nc6 3. d4 cxd4 4. Nxd4 g6 5. c4 Bg7 6. Be3 Nf6 7. Nc3 Ng4 8. Qxg4 Nxd4 9. Qd1 Ne6 10. Rc1 Qa5 11. Qd2 b6 12. Be2 Bb7 13. f3 g5 14. 0-0 h5 15. a3 Rc8 16. Rc2 Qe5 17. b4 h4 18. Rd1 d6 19. Nd5 h3 20. g4 Rg8 21. Bf2 Nf4 22. Nxf4 gxf4 23. Qd3 Bh8 24. c5 bxc5 25. bxc5 Rxg4+ 26. fxg4 Bxe4 27. Qa6 Rc7 28. Qb5+ Bc6 29. cxd6 Bxb5 30. dxc7 1-0

[Event "SWE-ch U20"]
[Site "Gothenburg"]
[Date "2005.07.??"]
[Round "9"]
[White "Heden, Gustav"]
[Black "Smith, Axel"]
[Result "1-0"]
[WhiteElo "2055"]
[BlackElo "2130"]
[PlyCount "111"]
[EventDate "2005.07.??"]
[EventType "tourn"]
[EventRounds "13"]
[EventCountry "SWE"]
[SourceTitle "EXT 2006"]
[Source "ChessBase"]
[SourceDate "2005.11.24"]
[SourceVersion "1"]
[SourceVersionDate "2005.11.24"]
[SourceQuality "1"]

1. c4 c5 2. Nc3 Nf6 3. g3 d5 4. cxd5 Nxd5 5. Bg2 Nb4 6. Nf3 N8c6 7. d3 e5 8. 0-0 Be7 9. Be3 Be6 10. Ne4 b6 11. a3 Nd5 12. Neg5 Nxe3 13. fxe3 Bxg5 14. Nxg5 Qd7 15. Qa4 Rc8 16. Nxe6 Qxe6 17. Bxc6+ Qxc6 18. Qxa7 0-0 19. Qa6 Qh6 20. Rf3 e4 21. dxe4 Rcd8 22. Raf1 Qe6 23. Rf5 Rd2 24. Rxf7 Qxf7 25. Rxf7 Rxf7 26. e5 Re7 27. Qxb6 Kf7 28. Qxc5 Rxb2 29. Qc4+ Ke8 30. Qg8+ Kd7 31. Qd5+ Ke8 32. e6 Rb8 33. a4 Kf8 34. a5 Kg8 35. a6 Kh8 36. Qc5 Rxe6 37. a7 Rg8 38. Qd5 Ree8 39. e4 Rgf8 40. e5 Rd8 41. Qb7 Kg8 42. e6 Ra8 43. e7 Rfe8 44. Qd5+ Kh8 45. Qf7 Rg8 46. Kg2 Rge8 47. h4 Rg8 48. g4 Rge8 49. Kg3 Rac8 50. Kf4 Ra8 51. Ke5 Rac8 52. Kd6 Ra8 53. Qxe8+ Rxe8 54. Kd7 Rg8 55. e8Q h5 56. Qxh5# 1-0

[Event "Rilton Cup 34th"]
[Site "Stockholm"]
[Date "2005.01.05"]
[Round "9"]
[White "Ozga, Magdalena"]
[Black "Heden, Gustav"]
[Result "1-0"]
[WhiteElo "1911"]
[BlackElo "2116"]
[PlyCount "111"]
[EventDate "2004.12.27"]
[EventType "swiss"]
[EventRounds "9"]
[EventCountry "SWE"]
[SourceTitle "CBM 104 Extra"]
[Source "ChessBase"]
[SourceDate "2005.03.01"]
[SourceVersion "1"]
[SourceVersionDate "2005.03.01"]
[SourceQuality "1"]

1. e4 c5 2. Nc3 Nc6 3. g3 g6 4. Bg2 Bg7 5. d3 e6 6. Be3 b6 7. Qd2 Bb7 8. Nge2 Ne5 9. h3 f5 10. Bg5 Ne7 11. 0-0-0 Nf7 12. Bf4 0-0 13. h4 h6 14. Rdg1 d5 15. exf5 gxf5 16. g4 e5 17. Bh2 fxg4 18. f3 Nf5 19. fxg4 Nxh4 20. Kb1 Ng5 21. Ng3 Nhf3 22. Qe2 Nxg1 23. Bxg1 Qd7 24. Nf5 Qe6 25. Be3 Rab8 26. Nxd5 Rf7 27. Bxg5 hxg5 28. Nde3 e4 29. dxe4 Bxe4 30. Nxg7 Rxg7 31. Bxe4 Qxe4 32. Qh2 Re8 33. Qh8+ Kf7 34. Rf1+ Ke6 35. Qxe8+ Re7 36. Qc8+ Ke5 37. Qf5+ Qxf5 38. Nxf5 Rd7 39. Kc1 Ke4 40. c3 Rd8 41. Rd1 Rh8 42. Kc2 Kf4 43. Rg1 Rh2+ 44. Kb3 Rd2 45. Rg3 Re2 46. c4 Rd2 47. a3 Re2 48. Kc3 Re1 49. b4 Rc1+ 50. Kb3 cxb4 51. axb4 Rb1+ 52. Ka4 a5 53. c5 Ra1+ 54. Kb3 b5 55. c6 Rb1+ 56. Kc2 1-0

[Event "Rilton Cup 34th"]
[Site "Stockholm"]
[Date "2005.01.03"]
[Round "7"]
[White "Karlsson, Tomas"]
[Black "Heden, Gustav"]
[Result "1-0"]
[WhiteElo "2267"]
[BlackElo "2116"]
[PlyCount "105"]
[EventDate "2004.12.27"]
[EventType "swiss"]
[EventRounds "9"]
[EventCountry "SWE"]
[SourceTitle "CBM 104 Extra"]
[Source "ChessBase"]
[SourceDate "2005.03.01"]
[SourceVersion "1"]
[SourceVersionDate "2005.03.01"]
[SourceQuality "1"]

1. e4 c5 2. Nf3 Nc6 3. d4 cxd4 4. Nxd4 g6 5. Nc3 Bg7 6. Be3 Nf6 7. Bc4 0-0 8. Bb3 d6 9. f3 Qa5 10. Qd2 Bd7 11. 0-0-0 Rfc8 12. g4 Ne5 13. Kb1 b5 14. g5 Nh5 15. Ncxb5 Qxd2 16. Rxd2 Nxf3 17. Nxf3 Bxb5 18. Bd5 Bc6 19. c3 Rab8 20. Bxa7 Bxd5 21. exd5 Rb7 22. Bd4 Bxd4 23. Nxd4 Rxc3 24. Nc6 Re3 25. Rf1 f5 26. gxf6 Nxf6 27. Nxe7+ Rbxe7 28. Rxf6 Re1+ 29. Kc2 Rc7+ 30. Kd3 Rd7 31. Rf4 Ra7 32. a3 Re5 33. Kc2 g5 34. Rf3 g4 35. Rg3 h5 36. b4 Rg5 37. Rd4 Rag7 38. b5 h4 39. Rg2 g3 40. Rxh4 Rxd5 41. a4 gxh2 42. Rhxh2 Rxg2+ 43. Rxg2+ Kf7 44. Kc3 Ke7 45. Kb4 Kd7 46. Rg7+ Kc8 47. b6 Rd1 48. Kb5 Rb1+ 49. Ka6 Rb4 50. b7+ Kd8 51. Rg8+ Kc7 52. Rc8+ Kd7 53. b8Q 1-0

[Event "Rilton Cup 34th"]
[Site "Stockholm"]
[Date "2004.12.29"]
[Round "3"]
[White "Heden, Gustav"]
[Black "Wilsbeck, Jan Borge"]
[Result "1-0"]
[WhiteElo "2116"]
[BlackElo "1947"]
[PlyCount "55"]
[EventDate "2004.12.27"]
[EventType "swiss"]
[EventRounds "9"]
[EventCountry "SWE"]
[SourceTitle "CBM 104 Extra"]
[Source "ChessBase"]
[SourceDate "2005.03.01"]
[SourceVersion "1"]
[SourceVersionDate "2005.03.01"]
[SourceQuality "1"]

1. c4 e5 2. Nc3 Nf6 3. g3 g6 4. Bg2 Bg7 5. e3 0-0 6. Nge2 Nc6 7. 0-0 Re8 8. Rb1 d6 9. d4 exd4 10. Nxd4 Nxd4 11. exd4 Bf5 12. Bxb7 Rb8 13. Bc6 Re7 14. Ra1 Rb6 15. Bg2 Qe8 16. Bg5 Rxb2 17. Bxf6 Bxf6 18. Nd5 Bg5 19. Nxe7+ Qxe7 20. Re1 Qd7 21. d5 Bf6 22. Be4 Bg4 23. Qd3 Qa4 24. Qe3 Kg7 25. Qf4 h5 26. a3 Bc3 27. Bxg6 fxg6 28. Re7+ 1-0